000
00236nam a2200109Ia 4500
008
240625s9999 xx 000 0 und d
041
_a
eng
082
_a
332
100
_a
TIMBERLAKE CONSULTANTS
245
_a
OXMETRICS 7
260
_c
2013
999
_c
34941
_d
34941